Kamus Pelajar Baru

Bibliographic Details
Main Author: Arbak Othman (Author)
Format: Book
Language:Malay
Published: Kuala Lumpur : Penerbit Fajar Bakti Sdn. Bhd. 1989
Edition:Edisi KBSM
Subjects:

MARC

LEADER 00000cam a2200000 7i4500
001 0000003819
005 20240927.0
008 991207 my a may
020 |a 9676501998 (pbk) 
040 |a INS   |b eng   |e rda 
090 0 0 |a RPL5123   |b .A73 1989 
100 0 |a Arbak Othman ,   |e author 
245 1 0 |a Kamus Pelajar Baru   |c disusun oleh Arbak Othman 
250 |a Edisi KBSM 
264 1 |a Kuala Lumpur :   |b Penerbit Fajar Bakti Sdn. Bhd.   |c 1989 
300 |a vii, 700 pages :   |b illustrations ;   |c 22 cm. 
336 |a text  |2 rdacontent 
337 |a unmediated  |2 rdamedia 
338 |a volume  |2 rdacarrier 
650 0 |a Malay Language   |x Dictionaries 
999 |a 0000005225   |b BOOK   |c Red Spot   |e Default branch